Lazio Rome - Tous les joueurs (2010-2020) - Statistiques

Statistiques générales
  • Ce quiz a été pris 102 fois
  • Le résultat moyen est 19 sur 108
Statistiques - réponses
Saisons Nationalité Joueur Nb de matchs % Correct
2016-2020 Italie Ciro Immobile 142
92%
2015-2020 Serbie Sergej Milinkovic-Savic 162
83%
2010-2020 Roumanie Stefan Radu 249
72%
2016-2020 Espagne Luis Alberto 106
62%
2016-2020 Albanie Thomas Strakosha 132
60%
2013-2018 Brésil Felipe Anderson 137
58%
2011-2016 Allemagne Miroslav Klose 139
58%
2019-2020 Italie André Anderson 6
53%
2019-2020 Pays-Bas Djavan Anderson 6
53%
2011-2020 Bosnie-Herzégovine Senad Lulic 266
49%
2016-2020 Belgique Jordan Lukaku 66
44%
2018-2020 Italie Francesco Acerbi 73
42%
2018-2020 Argentine Joaquin Correa 64
42%
2017-2020 Brésil Lucas Leiva 88
42%
2014-2018 Pays-Bas Stefan de Vrij 95
42%
2014-2020 Italie Marco Parolo 193
40%
2017-2020 Equateur Felipe Caicedo 80
36%
2013-2017 Sénégal Keita Baldé 110
36%
2016-2020 Angola Bastos 66
35%
2017-2020 Brésil Luiz Felipe 61
35%
2015-2020 Espagne Patric 75
32%
2011-2016 Italie Antonio Candreva 151
31%
2014-2017, 2018-2020 Italie Danilo Cataldi 80
31%
2019-2020 Italie Manuel Lazzari 32
31%
2017-2020 Monténégro Adam Marusic 73
29%
2013-2016 Albanie Etrit Berisha 38
27%
2011-2015 Albanie Lorik Cana 82
27%
2017-2019 Uruguay Martin Caceres 10
27%
2018-2020 Kosovo Valon Berisha 11
27%
2011-2017 Italie Federico Marchetti 161
26%
2014-2018 Serbie Dusan Basta 88
23%
2011-2012 France Djibril Cissé 18
19%
2013-2017 Argentine Lucas Biglia 109
19%
2011-2016 France Abdoulay Konko 92
18%
2016-2019 Brésil Wallace 54
17%
2014-2017 Serbie Filip Djordjevic 68
15%
2010-2016 Italie Stefano Mauri 124
15%
2010-2011 Uruguay Fernando Muslera 36
14%
2015-2017 Pays-Bas Wesley Hoedt 48
14%
2015-2016 Italie Alessandro Matri 19
12%
2010-2015 Italie Cristian Ledesma 147
12%
2010-2014 Brésil Hernanes 116
12%
2010-2013 France Modibo Diakité 63
12%
2015-2016 Angleterre Ravel Morrison 4
12%
2010-2011 Suisse Stephan Lichtsteiner 34
12%
2016-2017 Italie Alessandro Rossi 3
10%
2010-2015 Uruguay Alvaro Gonzalez 113
10%
2013-2014 Cameroun Joseph Minala 3
10%
2012-2015 France Michaël Ciani 48
10%
2018-2019 Croatie Milan Badelj 23
10%
2019-2020 Espagne Jony 24
9%
2010-2015 Belgique Luis Pedro Cavanda 53
9%
2010-2011, 2012-2013 Argentine Mauro Zarate 36
9%
2011-2016 Nigeria Ogenyi Onazi 76
9%
2010-2011 Italie Pasquale Foggia 9
9%
2018-2019 Portugal Pedro Neto 4
9%
2018-2019 Danemark Riza Durmisi 10
9%
2010-2013 Italie Tommaso Rocchi 41
9%
2017-2018 Italie Davide Di Gennaro 2
8%
2019-2020 Slovaquie Denis Vavro 11
8%
2013-2014 Rép. dém. du Congo Gaël Kakuta 1
8%
2010-2013 Argentine Lionel Scaloni 35
8%
2012-2014, 2016-2017 Italie Luca Crecco 5
8%
2019-2020 Espagne Raul Moro 1
8%
2015-2017 Pays-Bas Ricardo Kishna 16
8%
2011-2013 Argentine Albano Bizzarri 12
6%
2016-2019 Italie Alessandro Murgia 31
6%
2010-2014 Brésil André Dias 99
6%
2019-2020 Pays-Bas Bobby Adekanye 11
6%
2013-2015 Colombie Brayan Perea 24
6%
2018-2019 Portugal Bruno Jordao 3
6%
2010-2013 Italie Cristian Brocchi 53
6%
2016-2017 Italie Cristiano Lombardi 18
6%
2014-2016 Pays-Bas Edson Braafheid 21
6%
2018-2019 Italie Guido Guerrieri 1
6%
2012-2013 France Louis Saha 6
6%
2011-2012 Italie Luciano Zauri 7
6%
2011-2013 Lituanie Marius Stankevicius 14
6%
2017-2018 Portugal Nani 18
6%
2018-2019 Belgique Silvio Proto 2
6%
2010-2011 Italie Tommaso Berni 2
6%
2011-2012 Italie Antonio Rozzi 3
5%
2013-2015 Argentine Diego Novaretti 16
5%
2012-2015 Brésil Ederson 34
5%
2010-2014 Italie Giuseppe Biava 112
5%
2010-2012 Italie Giuseppe Sculli 24
5%
2016-2017 Croatie Ivan Vargic 1
5%
2010-2012 Espagne Javier Garrido 21
5%
2011-2012 Argentine Juan Pablo Carrizo 2
5%
2010-2013 Rép. Tchèque Libor Kozak 55
5%
2013-2014, 2016-2017 Espagne Mamadou Tounkara 2
5%
2010-2011 Australie Mark Bresciano 20
5%
2014-2016, 2017-2018 Brésil Mauricio 40
5%
2016-2017 Allemagne Moritz Leitner 2
5%
2018-2020 Italie Nicolo Armini 2
5%
2014-2016 Argentine Santiago Gentiletti 24
5%
2010-2011, 2012-2014 Italie Sergio Floccari 66
5%
2010-2012 Italie Simone Del Nero 4
5%
2012-2015 Portugal Bruno Pereirinha 22
4%
2016-2017 Croatie Franjo Prce 1
4%
2010-2011 Italie Guglielmo Stendardo 14
4%
2013-2014 Portugal Hélder Postiga 5
4%
2010-2012 Brésil Matuzalem 43
4%
2018-2019 Brésil Rômulo 10
4%
2017-2018 Italie Simone Palombi 1
4%
2011-2012 Uruguay Emiliano Alfaro 8
3%
2016-2017 Italie Giorgio Spizzichino 1
3%
2019-2020 Italie Luca Falbo 1
3%
Aucun quiz correspondant
Distribution des résultats
% des personnes avec chaque résultat
Percentile par nombre de réponses
Votre historique - résultats
Vous n’avez pas pris ce quiz